Аналоговые полупроводниковые интегральные схемы СВЧ
| Idioma: | rus |
|---|---|
| Publicat: |
Москва
|
| Format: | MixedMaterials Llibre |
| KOHA link: | https://koha.lib.tpu.ru/cgi-bin/koha/opac-detail.pl?biblionumber=55763 |
MARC
| LEADER | 00000nam0a2200000 4500 | ||
|---|---|---|---|
| 001 | 55763 | ||
| 005 | 20231031052735.0 | ||
| 035 | |a (RuTPU)RU\TPU\book\58525 | ||
| 090 | |a 55763 | ||
| 100 | |a 20030920d1985 m y0rusy50 ca | ||
| 101 | 0 | |a rus | |
| 102 | |a RU | ||
| 105 | |a a z 001zy | ||
| 200 | 1 | |a Аналоговые полупроводниковые интегральные схемы СВЧ | |
| 210 | |a Москва | ||
| 215 | |a с. |c ил. | ||
| 300 | |||
| 320 | |a Библиогр.: с. 187-192. | ||
| 801 | 1 | |a RU |b 63413507 |c 20030920 |g PSBO | |
| 942 | |c BK | ||